El derecho a la cultura
Guardado en:
| Format: | Texto |
|---|---|
| Fag: | |
| Tags: |
Tilføj Tag
Ingen Tags, Vær først til at tagge denne postø!
|
MARC
| LEADER | 00000 a a2200000 04500 | ||
|---|---|---|---|
| 001 | 41212 | ||
| 003 | |||
| 040 | |||
| 245 | |a El derecho a la cultura | ||
| 650 | |a DERECHOS HUMANOS/ | ||
| 650 | |a CULTURA | ||
| 773 | |g volumen12, número7 (enero-mayo , 2006), páginas 7-16 | ||
| 999 | |c 26267 |d 26267 | ||
